<?xml version="1.0" encoding="UTF-8"?><?xml-stylesheet type="text/xsl" href="static/style.xsl"?><OAI-PMH xmlns="http://www.openarchives.org/OAI/2.0/" xmlns:xsi="http://www.w3.org/2001/XMLSchema-instance" xsi:schemaLocation="http://www.openarchives.org/OAI/2.0/ http://www.openarchives.org/OAI/2.0/OAI-PMH.xsd"><responseDate>2026-04-27T23:23:06Z</responseDate><request verb="GetRecord" identifier="oai:uvadoc.uva.es:10324/927" metadataPrefix="marc">https://uvadoc.uva.es/oai/request</request><GetRecord><record><header><identifier>oai:uvadoc.uva.es:10324/927</identifier><datestamp>2025-02-18T07:48:08Z</datestamp><setSpec>com_10324_30605</setSpec><setSpec>com_10324_894</setSpec><setSpec>col_10324_41</setSpec></header><metadata><record xmlns="http://www.loc.gov/MARC21/slim" xmlns:doc="http://www.lyncode.com/xoai" xmlns:xsi="http://www.w3.org/2001/XMLSchema-instance" xmlns:dcterms="http://purl.org/dc/terms/" xsi:schemaLocation="http://www.loc.gov/MARC21/slim http://www.loc.gov/standards/marcxml/schema/MARC21slim.xsd">
<leader>00925njm 22002777a 4500</leader>
<datafield tag="042" ind1=" " ind2=" ">
<subfield code="a">dc</subfield>
</datafield>
<datafield tag="720" ind1=" " ind2=" ">
<subfield code="a">Mondejar Montagud, María Engracia</subfield>
<subfield code="e">author</subfield>
</datafield>
<datafield tag="260" ind1=" " ind2=" ">
<subfield code="c">2012</subfield>
</datafield>
<datafield tag="520" ind1=" " ind2=" ">
<subfield code="a">En esta tesis se trata la caracterización termodinámica de mezclas gaseosas binarias&#xd;
relacionadas con los combustibles alternativos a través de la medida de gran precisión&#xd;
de la densidad mediante un densímetro de flotador sencillo con acoplamiento&#xd;
magnético.&#xd;
Previamente a las medidas se realizaron una serie de modificaciones del equipo con el&#xd;
fin de reducir las principales fuentes de incertidumbre de cada magnitud medida. Una&#xd;
vez realizadas las mejoras se procedió a una detallada estimación de la incertidumbre&#xd;
de medida.&#xd;
Las medidas de densidad se llevaron a cabo en el rango de temperatura (250 – 400) K a&#xd;
presiones de hasta 20 MPa en las mezclas binarias dióxido de carbono + nitrógeno,&#xd;
monóxido de carbono + nitrógeno, y dióxido de carbono + metano.&#xd;
Los datos experimentales se compararon con las densidades calculadas con la ecuación&#xd;
de estado de referencia para gases naturales y mezclas relacionadas, GERG-2004.</subfield>
</datafield>
<datafield tag="024" ind2=" " ind1="8">
<subfield code="a">http://uvadoc.uva.es/handle/10324/927</subfield>
</datafield>
<datafield tag="024" ind2=" " ind1="8">
<subfield code="a">10.35376/10324/927</subfield>
</datafield>
<datafield ind1=" " ind2=" " tag="653">
<subfield code="a">Gases - Densidad - Medición</subfield>
</datafield>
<datafield ind1=" " ind2=" " tag="653">
<subfield code="a">Energías renovables</subfield>
</datafield>
<datafield tag="245" ind1="0" ind2="0">
<subfield code="a">Contribución al desarrollo e introducción de combustibles gaseosos renovables mediante la caracterización termodinámica de mezclas de sus componentes utilizando un densímetro de flotador de suspensión magnética optimizado</subfield>
</datafield>
</record></metadata></record></GetRecord></OAI-PMH>